LEADER 00938nam0-22002891i-450- 001 990000097350403321 035 $a000009735 035 $aFED01000009735 035 $a(Aleph)000009735FED01 035 $a000009735 100 $a20011111d--------km-y0itay50------ba 101 0 $aita 105 $ay-------001yy 200 1 $aCannocchiali militari$edi un nuovo congegno ideato dal macchinista napoletano Giuseppe Spano per adattare svariatimicrometri in uno stesso cannocchiale senza muovere l'oculare$frelazione di Biagio De Benedictis. 210 $aNapoli$cTipografia poliglotta$d1861 215 $a8 p.$cill.$d23 cm 300 $aEstr. da: La guerra, fasc. III 610 0 $aCannocchiali 676 $a681.412 700 1$aDe Benedictis,$bBiagio 801 0$aIT$bUNINA$gRICA$2UNIMARC 901 $aBK 912 $a990000097350403321 952 $a13 AR 19 B 18$b4431$fFINBC 959 $aFINBC 997 $aUNINA DB $aING01 LEADER 00739nam0-22002771i-450- 001 990000031090403321 035 $a000003109 035 $aFED01000003109 035 $a(Aleph)000003109FED01 035 $a000003109 100 $a20011111d--------km-y0itay50------ba 101 0 $aita 105 $ay-------001yy 200 1 $aOscar Niemeyer$eworks in progress$fStamo Papadaki. 210 $aNew York$cReinhold publishing corporation$d1956 215 $a192 p.$cill.$d23 cm 676 $a720.23 700 1$aPapadaki,$bStamo 702 1$aNiemeyer,$bOscar 801 0$aIT$bUNINA$gRICA$2UNIMARC 901 $aBK 912 $a990000031090403321 952 $a13 D 43 06$b22582$fFINBC 959 $aFINBC 997 $aUNINA DB $aING01